000 00424nam a2200157 a 4500
005 20140412111414.0
008 070702s19uu xx 00 eng d
020 _a0-88625-093-5
050 _aM 904
_bD65 1986
100 _aDonev, Stef
245 _aThe hayes book of adventures /
_cStef Donev.
260 _aOntario :
_bHayes pub,
_c1986.
300 _a48
650 _aadventure-- Juvenile literature
999 _c105782
_d105782